000 00830cab a2200241 4500
001 ABS45443
008 090401t1991 xxu||||| |||| 00| 0 eng d
035 _a(Sirsi) u52994
041 _aeng
100 _aWebber, R.
245 _aBrussels goes green
260 _c1991
350 _a0
490 _aEuroProperty
_vNovember 1991, 39(1)
520 _aAssesses the impact of EC Directive 85/337 which introduced compulsory environmental assessment on development following the EC demand that seven development projects in the UK should not start due to the lack of environmental assessment.
650 _aEC DIRECTIVE 85/337
650 _aEC LAW
650 _aENVIRONMENTAL ASSESSMENT
690 _aPROPERTY-PROPERTY DEVELOPMENT
690 _aENVIRONMENTAL AND LAND CONSULTANCY
942 _n0
948 _c04/03/1997
999 _c32697
_d32697